<?xml version="1.0" encoding="UTF-8"?>
<record
    xmlns:xsi="http://www.w3.org/2001/XMLSchema-instance"
    xsi:schemaLocation="http://www.loc.gov/MARC21/slim http://www.loc.gov/standards/marcxml/schema/MARC21slim.xsd"
    xmlns="http://www.loc.gov/MARC21/slim">

  <leader>02753nam a2200469 i 4500</leader>
  <datafield tag="999" ind1=" " ind2=" ">
    <subfield code="c">27988</subfield>
    <subfield code="d">27959</subfield>
  </datafield>
  <controlfield tag="001">018140520</controlfield>
  <controlfield tag="003">EG-ScBUE</controlfield>
  <controlfield tag="005">20200202105414.0</controlfield>
  <controlfield tag="008">150907s2015    cc af         000 0 eng d</controlfield>
  <datafield tag="020" ind1=" " ind2=" ">
    <subfield code="a">9787511727190</subfield>
  </datafield>
  <datafield tag="035" ind1=" " ind2=" ">
    <subfield code="a">(OCoLC)920616473</subfield>
  </datafield>
  <datafield tag="040" ind1=" " ind2=" ">
    <subfield code="a">BCBTC</subfield>
    <subfield code="b">eng</subfield>
    <subfield code="e">rda</subfield>
    <subfield code="c">BCBTC</subfield>
    <subfield code="d">OCLCQ</subfield>
    <subfield code="d">EXG</subfield>
    <subfield code="d">OCLCF</subfield>
    <subfield code="d">Uk</subfield>
    <subfield code="d">EG-ScBUE</subfield>
  </datafield>
  <datafield tag="041" ind1="1" ind2=" ">
    <subfield code="a">eng</subfield>
    <subfield code="h">chi</subfield>
  </datafield>
  <datafield tag="043" ind1=" " ind2=" ">
    <subfield code="a">a-cc---</subfield>
  </datafield>
  <datafield tag="082" ind1="0" ind2="4">
    <subfield code="a">324.251075</subfield>
    <subfield code="b">PAR</subfield>
    <subfield code="2">22</subfield>
  </datafield>
  <datafield tag="240" ind1="1" ind2="0">
    <subfield code="a">&#x4E2D;&#x56FD;&#x5171;&#x4EA7;&#x515A;&#x4E0E;&#x4E16;&#x754C;&#x5BF9;&#x8BDD;&#x96C6; : &#x4E2D;&#x56FD;&#x6539;&#x9769;, &#x6267;&#x653F;&#x515A;&#x7684;&#x89D2;&#x8272;.</subfield>
    <subfield code="l">English</subfield>
  </datafield>
  <datafield tag="245" ind1="0" ind2="4">
    <subfield code="a">The party and the world dialogue 2014 :</subfield>
    <subfield code="b">China's new reforms, the role of the party = 2014 Zhongguo gong chan dang yu shi jie dui hua ji : zhongguo gai ge, zhi zheng dang de jue se.</subfield>
  </datafield>
  <datafield tag="246" ind1="3" ind2="1">
    <subfield code="a">2014 Zhongguo gong chan dang yu shi jie dui hua ji :</subfield>
    <subfield code="b">zhongguo gai ge, zhi zheng dang de jue se</subfield>
  </datafield>
  <datafield tag="250" ind1=" " ind2=" ">
    <subfield code="a">First edition.</subfield>
  </datafield>
  <datafield tag="264" ind1=" " ind2="1">
    <subfield code="a">Beijing :</subfield>
    <subfield code="b">Central Compilation and Translation Press,</subfield>
    <subfield code="c">2015.</subfield>
  </datafield>
  <datafield tag="300" ind1=" " ind2=" ">
    <subfield code="a">3, 432 pages, 12 unnumbered pages of plates :</subfield>
    <subfield code="b">illustrations (black and white, and colour) ;</subfield>
    <subfield code="c">24 cm</subfield>
  </datafield>
  <datafield tag="336" ind1=" " ind2=" ">
    <subfield code="a">text</subfield>
    <subfield code="2">rdacontent</subfield>
    <subfield code="b">txt</subfield>
  </datafield>
  <datafield tag="337" ind1=" " ind2=" ">
    <subfield code="a">unmediated</subfield>
    <subfield code="2">rdamedia</subfield>
    <subfield code="b">n</subfield>
  </datafield>
  <datafield tag="338" ind1=" " ind2=" ">
    <subfield code="a">volume</subfield>
    <subfield code="2">rdacarrier</subfield>
    <subfield code="b">nc</subfield>
  </datafield>
  <datafield tag="546" ind1=" " ind2=" ">
    <subfield code="a">Text in English ; translated from the original Chinese language.</subfield>
  </datafield>
  <datafield tag="610" ind1="2" ind2="7">
    <subfield code="a">Zhongguo gong chan dang</subfield>
    <subfield code="x">Party work.</subfield>
    <subfield code="2">BUEsh</subfield>
  </datafield>
  <datafield tag="651" ind1=" " ind2="7">
    <subfield code="a">China</subfield>
    <subfield code="x">Politics and government</subfield>
    <subfield code="y">21st century.</subfield>
    <subfield code="2">BUEsh</subfield>
  </datafield>
  <datafield tag="653" ind1=" " ind2=" ">
    <subfield code="b">GGEN</subfield>
    <subfield code="c">January2020</subfield>
  </datafield>
  <datafield tag="655" ind1=" " ind2=" ">
    <subfield code="v">Reading book</subfield>
  </datafield>
  <datafield tag="880" ind1="0" ind2="4">
    <subfield code="6">245-01</subfield>
    <subfield code="a">The party and the world dialogue 2014 :</subfield>
    <subfield code="b">China's new reforms, the role of the party = 2014&#x4E2D;&#x56FD;&#x5171;&#x4EA7;&#x515A;&#x4E0E;&#x4E16;&#x754C;&#x5BF9;&#x8BDD;&#x96C6; : &#x4E2D;&#x56FD;&#x6539;&#x9769;, &#x6267;&#x653F;&#x515A;&#x7684;&#x89D2;&#x8272; /</subfield>
    <subfield code="c">&#x4E2D;&#x56FD;&#x5F53;&#x4EE3;&#x4E16;&#x754C;&#x7814;&#x7A76;&#x4E2D;&#x5FC3;, &#x4E2D;&#x56FD;&#x548C;&#x5E73;&#x53D1;&#x5C55;&#x57FA;&#x91D1;&#x4F1A;&#x4E3B;&#x7F16;.</subfield>
  </datafield>
  <datafield tag="880" ind1="3" ind2="1">
    <subfield code="6">246-02</subfield>
    <subfield code="a">2014&#x4E2D;&#x56FD;&#x5171;&#x4EA7;&#x515A;&#x4E0E;&#x4E16;&#x754C;&#x5BF9;&#x8BDD;&#x96C6; :</subfield>
    <subfield code="b">&#x4E2D;&#x56FD;&#x6539;&#x9769; : &#x6267;&#x653F;&#x515A;&#x7684;&#x89D2;&#x8272;</subfield>
  </datafield>
  <datafield tag="880" ind1="3" ind2="0">
    <subfield code="6">246-03</subfield>
    <subfield code="a">&#x4E2D;&#x56FD;&#x6539;&#x9769;, &#x6267;&#x653F;&#x515A;&#x7684;&#x89D2;&#x8272;</subfield>
  </datafield>
  <datafield tag="880" ind1=" " ind2=" ">
    <subfield code="6">250-04</subfield>
    <subfield code="a">&#x7B2C;1&#x7248;.</subfield>
  </datafield>
  <datafield tag="880" ind1=" " ind2="1">
    <subfield code="6">264-05</subfield>
    <subfield code="a">&#x5317;&#x4EAC; :</subfield>
    <subfield code="b">&#x4E2D;&#x592E;&#x7F16;&#x8BD1;&#x51FA;&#x7248;&#x793E;,</subfield>
    <subfield code="c">2015.</subfield>
  </datafield>
  <datafield tag="880" ind1=" " ind2=" ">
    <subfield code="6">520-00</subfield>
    <subfield code="a">&#x672C;&#x4E66;&#x4E3A;"2014&#x4E2D;&#x56FD;&#x5171;&#x4EA7;&#x515A;&#x4E0E;&#x4E16;&#x754C;&#x5BF9;&#x8BDD;&#x4F1A;"&#x4F1A;&#x8BAE;&#x8BA8;&#x8BBA;&#x7684;&#x6587;&#x5B57;&#x5B9E;&#x5F55;, &#x5185;&#x5BB9;&#x56F4;&#x7ED5;&#x4E2D;&#x56FD;&#x6539;&#x9769;&#x7684;&#x7279;&#x8272;&#x4E0E;&#x5171;&#x6027;, &#x6539;&#x9769;&#x7684;&#x8206;&#x8BBA;&#x76D1;&#x7763;, &#x6CA1;&#x6709;&#x96F6;&#x548C;&#x535A;&#x5F08;&#x4E4B;&#x7ED3;&#x679C;&#x7684;&#x7ADE;&#x4E89;&#x7B49;&#x4E3B;&#x9898;.&#x4E0E;&#x4F1A;&#x8005;&#x70ED;&#x70C8;&#x8BA8;&#x8BBA;&#x4E86;&#x6539;&#x9769;&#x80CC;&#x666F;, &#x51B3;&#x7B56;&#x5236;&#x5B9A;&#x4E0E;&#x6267;&#x884C;&#x8FC7;&#x7A0B;, &#x4E2D;&#x56FD;&#x65B0;&#x4E00;&#x8F6E;&#x6539;&#x9769;&#x4EE5;&#x53CA;&#x4E2D;&#x56FD;&#x5171;&#x4EA7;&#x515A;&#x7684;&#x8D23;&#x4EFB;&#x4E0E;&#x89D2;&#x8272;&#x7B49;&#x95EE;&#x9898;.&#x672C;&#x4E66;&#x771F;&#x5B9E;&#x7EAA;&#x5F55;&#x4E86;&#x5404;&#x56FD;&#x653F;&#x8981;, &#x5B66;&#x8005;&#x5BF9;&#x4E2D;&#x56FD;&#x6539;&#x9769;&#x53CA;&#x4E2D;&#x56FD;&#x5171;&#x4EA7;&#x515A;&#x7684;&#x63A2;&#x8BA8;, &#x5728;&#x5BF9;&#x8BDD;&#x4E2D;&#x7A81;&#x51FA;&#x4E86;&#x591A;&#x5143;&#x7684;&#x89C6;&#x89D2;, &#x5177;&#x6709;&#x6DF1;&#x523B;&#x7684;&#x5B9E;&#x8DF5;&#x6307;&#x5BFC;&#x610F;&#x4E49;&#x4E0E;&#x7406;&#x8BBA;&#x7814;&#x7A76;&#x4EF7;&#x503C;.</subfield>
  </datafield>
  <datafield tag="880" ind1="2" ind2="4">
    <subfield code="6">610-06</subfield>
    <subfield code="a">&#x4E2D;&#x56FD;&#x5171;&#x4EA7;&#x515A;</subfield>
    <subfield code="x">Party work.</subfield>
  </datafield>
  <datafield tag="880" ind1="2" ind2=" ">
    <subfield code="6">710-07</subfield>
    <subfield code="a">&#x4E2D;&#x56FD;&#x5F53;&#x4EE3;&#x4E16;&#x754C;&#x7814;&#x7A76;&#x4E2D;&#x5FC3;,</subfield>
    <subfield code="e">editor.</subfield>
  </datafield>
  <datafield tag="880" ind1="2" ind2=" ">
    <subfield code="6">710-08</subfield>
    <subfield code="a">&#x4E2D;&#x56FD;&#x548C;&#x5E73;&#x53D1;&#x5C55;&#x57FA;&#x91D1;&#x4F1A;,</subfield>
    <subfield code="e">editor.</subfield>
  </datafield>
  <datafield tag="942" ind1=" " ind2=" ">
    <subfield code="2">ddc</subfield>
    <subfield code="c">BB</subfield>
  </datafield>
  <datafield tag="952" ind1=" " ind2=" ">
    <subfield code="0">0</subfield>
    <subfield code="1">0</subfield>
    <subfield code="2">ddc</subfield>
    <subfield code="4">0</subfield>
    <subfield code="7">0</subfield>
    <subfield code="8">Donation-G</subfield>
    <subfield code="a">MAIN</subfield>
    <subfield code="b">MAIN</subfield>
    <subfield code="c">0TH</subfield>
    <subfield code="d">2020-02-02</subfield>
    <subfield code="e">Donation</subfield>
    <subfield code="l">0</subfield>
    <subfield code="o">324.251075 PAR</subfield>
    <subfield code="p">000048563</subfield>
    <subfield code="r">2025-07-15 00:00:00</subfield>
    <subfield code="w">2020-02-02</subfield>
    <subfield code="y">BB</subfield>
  </datafield>
</record>
